Capitales asiatiques en D - Statistiques

Statistiques générales
  • Ce quiz a été pris 60 fois
  • Le résultat moyen est 4 sur 5
Statistiques - réponses
Réponse % Correct
Doha
87%
Dacca
80%
Damas
78%
Douchanbé
74%
Dili
63%
Aucun quiz correspondant
Distribution des résultats
% des personnes avec chaque résultat
Percentile par nombre de réponses
Votre historique - résultats
Vous n’avez pas pris ce quiz